[Event "FIDE World Cup 2023"]
[Site "Baku AZE"]
[Date "2023.08.07"]
[Round "3.3"]
[White "Daneshvar, Bardiya"]
[Black "Salem, A.R. Saleh"]
[Result "1/2-1/2"]
[WhiteTitle "GM"]
[BlackTitle "GM"]
[WhiteElo "2577"]
[BlackElo "2661"]
[WhiteFideId "12576468"]
[BlackFideId "9301348"]
[EventDate "2023.07.30"]
[EventType "k.o."]

1. Nf3 Nf6 2. c4 c5 3. Nc3 e6 4. g3 d5 5. cxd5 exd5 6. d4 Nc6 7. Bg2 cxd4 8.
Nxd4 Bc5 9. Nb3 Bb6 10. O-O d4 11. Na4 O-O 12. Bg5 h6 13. Nxb6 axb6 14. Bxc6
bxc6 15. Bxf6 Qxf6 16. Qxd4 Rd8 17. Qxf6 gxf6 18. Rfc1 Be6 19. Kf1 Ra4 20. Ke1
Rda8 21. Rc3 Rxa2 22. Rxa2 Rxa2 23. Nc1 Rxb2 24. Rxc6 Kg7 25. Nd3 Rb1+ 26. Kd2
f5 27. Nf4 Kf6 28. Nd5+ Kg7 29. Nxb6 h5 30. Na4 Bd7 31. Rb6 Rh1 32. Nc5 Be8 33.
h4 f4 34. Ne4 f5 35. Rb7+ Kg6 36. Rb6+ Kg7 37. Ng5 fxg3 38. fxg3 Rg1 39. Rb3 Ra1
40. Rb7+ Kf6 41. Rb6+ Kg7 42. Ne6+ Kf7 43. Nf4 Kg7 44. Rb7+ Kf6 45. Ke3 Ra3+ 46.
Kf2 Bf7 47. Rb6+ Kg7 48. Nh3 Ra2 49. Rc6 Ra3 50. Ng5 Bg8 51. Nf3 Ra4 52. Rc5 Kf6
53. Ng1 Bf7 54. Nh3 Ra3 55. Nf4 Ra6 56. Ke3 Ra3+ 57. Nd3 Ra4 58. Rc6+ Kg7 59.
Rb6 Re4+ 60. Kf2 Bc4 61. Rb4 Bxd3 62. Rb7+ Kf6 63. exd3 Rd4 64. Ke3 Rg4 65. Kf3
Rd4 66. Rb6+ Kg7 67. Rb3 Kf6 68. Ra3 Kg6 69. Rc3 Kf6 70. Rc6+ Kg7 71. Rc4 Rxd3+
72. Kf4 Kf6 73. Rc6+ Kg7 74. Re6 Rd4+ 75. Kxf5 Rg4 76. Re3 Kf7 77. Ra3 Kg7 78.
Rb3 Kh7 79. Kf6 Rg6+ 80. Kf7 Rg7+ 81. Ke6 Rg6+ 82. Ke5 Rg4 83. Kf6 Rg6+ 84. Kf5
Rg4 85. Rb7+ Kh6 86. Rb3 Kh7 87. Re3 Kg7 88. Rd3 1/2-1/2

[Event "FIDE World Cup 2023"]
[Site "Baku AZE"]
[Date "2023.08.07"]
[Round "3.3"]
[White "Bacrot, Etienne"]
[Black "Yu, Yangyi"]
[Result "1/2-1/2"]
[WhiteTitle "GM"]
[BlackTitle "GM"]
[WhiteElo "2662"]
[BlackElo "2735"]
[WhiteFideId "605506"]
[BlackFideId "8603820"]
[EventDate "2023.07.30"]
[EventType "k.o."]

1. e4 e5 2. Nf3 Nf6 3. d4 Nxe4 4. Bd3 Nc6 5. O-O d5 6. dxe5 Bf5 7. Nbd2 Bc5 8.
Qe2 Nxd2 9. Bxd2 Qd7 10. Bxf5 Qxf5 11. Qb5 Bb6 12. Qxd5 O-O 13. Bc3 Qxc2 14. e6
Rad8 15. Qg5 f6 16. Qg4 Qg6 17. Qc4 Qd3 18. Qg4 Qg6 19. Qc4 Qd3 20. Qg4 Qg6 1/2-1/2

[Event "FIDE World Cup 2023"]
[Site "Baku AZE"]
[Date "2023.08.07"]
[Round "3.3"]
[White "Cheparinov, Ivan"]
[Black "Duda, Jan-Krzysztof"]
[Result "1/2-1/2"]
[WhiteTitle "GM"]
[BlackTitle "GM"]
[WhiteElo "2663"]
[BlackElo "2732"]
[WhiteFideId "2905540"]
[BlackFideId "1170546"]
[EventDate "2023.07.30"]
[EventType "k.o."]

1. d4 Nf6 2. c4 e6 3. Nc3 Bb4 4. Qc2 O-O 5. a3 Bxc3+ 6. Qxc3 d5 7. Bg5 h6 8.
Bxf6 Qxf6 9. Nf3 dxc4 10. Qxc4 Nc6 11. Qc3 Re8 12. Rd1 e5 13. d5 Nb8 14. e3 Bg4
15. Be2 Nd7 16. O-O Rac8 17. Qb4 Bxf3 18. Bxf3 Qb6 19. Qxb6 axb6 20. Bg4 Rcd8
21. Bxd7 Rxd7 22. e4 Rd6 23. Rc1 c6 24. dxc6 bxc6 25. Rfd1 Red8 26. Rxd6 Rxd6
27. Kf1 c5 28. Ke2 Rd4 29. f3 Kf8 30. Rc3 Ke7 31. Rb3 Rd6 32. Rd3 Rd4 33. Rb3
Rd6 34. Rd3 Rd4 1/2-1/2

[Event "FIDE World Cup 2023"]
[Site "Baku AZE"]
[Date "2023.08.07"]
[Round "3.3"]
[White "Ponomariov, Ruslan"]
[Black "Le, Quang Liem"]
[Result "1/2-1/2"]
[WhiteTitle "GM"]
[BlackTitle "GM"]
[WhiteElo "2664"]
[BlackElo "2728"]
[WhiteFideId "14103320"]
[BlackFideId "12401137"]
[EventDate "2023.07.30"]
[EventType "k.o."]

1. e4 e5 2. Nf3 Nc6 3. Bb5 Nf6 4. O-O Nxe4 5. Re1 Nd6 6. Nxe5 Be7 7. Bf1 Nxe5 8.
Rxe5 O-O 9. d4 Bf6 10. Re2 Re8 11. Nc3 b6 12. Bf4 Bb7 13. Bxd6 cxd6 14. Qd3 a6
15. Rxe8+ Qxe8 16. a4 Rc8 17. g3 Qe6 18. Rd1 h5 19. Bg2 Bxg2 20. Kxg2 h4 21.
Qxa6 h3+ 22. Kf1 Re8 23. Qe2 Rc8 24. Ne4 d5 25. Nxf6+ Qxf6 26. c3 Qc6 27. Qb5
Qe6 28. Qe2 Qc6 29. Ra1 Ra8 30. Qg4 Qc4+ 31. Kg1 Qb3 32. Qxh3 Qxb2 33. Re1 Qxc3
34. Re7 Qxd4 35. Qxd7 Rf8 36. h4 Qf6 37. Kg2 d4 38. h5 d3 39. Re3 d2 40. Rd3 Qg5
41. Rxd2 Qxh5 42. Qc6 Qa5 43. Rb2 Rb8 44. Rb3 Qa6 45. Rb4 Qa5 46. Re4 Qa8 47.
Qxa8 Rxa8 48. Kf3 Kf8 49. Ke3 Ra5 50. Rb4 Ke7 51. Kd3 Kd7 52. Rxb6 1/2-1/2

[Event "FIDE World Cup 2023"]
[Site "Baku AZE"]
[Date "2023.08.07"]
[Round "3.3"]
[White "Sanal, Vahap"]
[Black "Korobov, Anton"]
[Result "1-0"]
[WhiteTitle "GM"]
[BlackTitle "GM"]
[WhiteElo "2585"]
[BlackElo "2667"]
[WhiteFideId "6300545"]
[BlackFideId "14105730"]
[EventDate "2023.07.30"]
[EventType "k.o."]

1. e4 e6 2. d4 d5 3. Nd2 c5 4. Ngf3 cxd4 5. Nxd4 Nf6 6. e5 Nfd7 7. N2f3 Nc6 8.
Bf4 Be7 9. Bb5 Qb6 10. c3 Nc5 11. Rb1 O-O 12. O-O Bd7 13. Be2 Rac8 14. Re1 a6
15. Bf1 Nxd4 16. Nxd4 Bb5 17. Nxb5 axb5 18. Be3 Qc6 19. Qg4 Ne4 20. Bh6 g6 21.
Bxf8 Bxf8 22. Bd3 Nd2 23. Rbd1 Nc4 24. Re2 Qc7 25. Bxc4 bxc4 26. h4 h5 27. Qd4
Kg7 28. g3 Be7 29. Rb1 Qa5 30. b3 b5 31. b4 Qa3 32. Kg2 Ra8 33. Ra1 Qa6 34. a3
Qc6 35. Kh2 Ra4 36. Rea2 f5 37. f3 Bd8 38. g4 Qb6 39. Qf4 hxg4 40. fxg4 Ra7 41.
gxf5 exf5 42. Rg2 Kf8 43. Qh6+ Rg7 44. h5 Qc7 45. Re1 g5 46. Rf2 f4 47. Qe6 Qf7
48. Qd6+ Be7 49. Qb8+ Qe8 50. Qxe8+ Kxe8 51. Rd1 Rf7 52. Kh3 Kd7 53. Rxd5+ Ke6
54. Rxb5 f3 55. Kg3 1-0

[Event "FIDE World Cup 2023"]
[Site "Baku AZE"]
[Date "2023.08.07"]
[Round "3.3"]
[White "Vitiugov, Nikita"]
[Black "Berkes, Ferenc"]
[Result "0-1"]
[WhiteTitle "GM"]
[BlackTitle "GM"]
[WhiteElo "2720"]
[BlackElo "2615"]
[WhiteFideId "4152956"]
[BlackFideId "718572"]
[EventDate "2023.07.30"]
[EventType "k.o."]

1. e4 e6 2. d4 d5 3. e5 c5 4. c3 Nc6 5. Nf3 Qb6 6. a3 Bd7 7. b4 cxd4 8. cxd4 Rc8
9. Bb2 Nge7 10. Nc3 Na5 11. Na4 Qc6 12. Nc5 Nc4 13. Bc1 b6 14. Nxd7 Qxd7 15. Bd3
b5 16. h4 Nc6 17. h5 Be7 18. Rh3 f5 19. Bb1 a5 20. bxa5 Qa7 21. Kf1 Bd8 22. Ra2
Bxa5 23. Qd3 O-O 24. Re2 b4 25. axb4 Nxb4 26. Qd1 Bb6 27. Ng5 Rc6 28. g4 Qa1 29.
Rb3 Qa4 30. Rd3 Qxd1+ 31. Rxd1 h6 32. Nh3 fxg4 33. Nf4 Ra8 34. Ng6 Kf7 35. Be3
Ra1 36. Nh8+ Ke7 37. Ng6+ Kd8 38. Bd2 Nxd2+ 39. Rexd2 Rc4 40. Nf4 Ke7 41. Ng6+
Kd7 42. Nf8+ Ke7 43. Ng6+ Kf7 44. Nf4 Rxd4 45. Rxd4 Bxd4 46. Rxd4 Rxb1+ 47. Kg2
Nc6 48. Ra4 Rb4 49. Rxb4 Nxb4 50. Kg3 Nc6 51. Nd3 Nd4 52. Kxg4 Ke7 53. Nc5 Nf5
54. f4 Nd4 55. Kg3 Kf7 56. Kg4 g6 57. Nb7 Nf5 58. Nc5 Ng7 59. hxg6+ Kxg6 60. Nb7
h5+ 61. Kf3 Nf5 62. Nd8 Nd4+ 63. Ke3 h4 64. Kxd4 h3 65. Nxe6 h2 66. Kxd5 h1=Q+
67. Kd6 0-1

[Event "FIDE World Cup 2023"]
[Site "Baku AZE"]
[Date "2023.08.07"]
[Round "3.3"]
[White "Bluebaum, Matthias"]
[Black "Vidit, Santosh Gujrathi"]
[Result "1-0"]
[WhiteTitle "GM"]
[BlackTitle "GM"]
[WhiteElo "2672"]
[BlackElo "2719"]
[WhiteFideId "24651516"]
[BlackFideId "5029465"]
[EventDate "2023.07.30"]
[EventType "k.o."]

1. d4 d5 2. c4 c6 3. Nf3 Nf6 4. Nc3 e6 5. Qd3 b6 6. cxd5 cxd5 7. Bg5 Ba6 8. Qc2
Be7 9. Bxf6 Bxf6 10. e4 Bxf1 11. Kxf1 dxe4 12. Qxe4 Nd7 13. g3 O-O 14. Kg2 Be7
15. Rac1 Nf6 16. Qb7 Bb4 17. Nb5 Qd5 18. Qxd5 Nxd5 19. Rc4 Rfc8 20. Rhc1 Rxc4
21. Rxc4 a6 22. Nc3 Bxc3 23. bxc3 b5 24. Rc5 Kf8 25. Ne5 Ke7 26. c4 bxc4 27.
Rxc4 g5 28. Rc6 a5 29. a4 h5 30. Rc5 f6 31. Nc4 g4 32. Ne3 Nxe3+ 33. fxe3 f5 34.
e4 Rd8 35. exf5 Rxd4 36. Rxa5 Rd2+ 37. Kg1 Rd1+ 38. Kf2 Rd2+ 39. Ke3 Rxh2 40.
Re5 h4 41. Rxe6+ Kf7 42. gxh4 Rxh4 43. a5 g3 44. Kf3 Ra4 45. a6 Ra3+ 46. Kg2 Ra5
47. Rh6 Rxf5 48. a7 Ra5 49. Rh8 Ra2+ 50. Kxg3 1-0

[Event "FIDE World Cup 2023"]
[Site "Baku AZE"]
[Date "2023.08.07"]
[Round "3.3"]
[White "Schitco, Ivan"]
[Black "Wojtaszek, Radoslaw"]
[Result "0-1"]
[WhiteTitle "GM"]
[BlackTitle "GM"]
[WhiteElo "2507"]
[BlackElo "2676"]
[WhiteFideId "13905465"]
[BlackFideId "1118358"]
[EventDate "2023.07.30"]
[EventType "k.o."]

1. c4 e6 2. Nc3 Bb4 3. Qc2 Nf6 4. a3 Bxc3 5. Qxc3 d6 6. b4 O-O 7. Bb2 e5 8. Nf3
Re8 9. d3 a5 10. e3 Bg4 11. Be2 Nc6 12. h3 Bh5 13. b5 Nb8 14. g4 Bg6 15. g5 Nfd7
16. h4 Nc5 17. a4 Nbd7 18. h5 Bf5 19. Rg1 Nb6 20. Qc2 Qe7 21. e4 Bd7 22. Bc1 c6
23. Be3 Rac8 24. Bxc5 dxc5 25. Qc3 Ra8 26. Nd2 Nc8 27. Nf1 Qd6 28. Ne3 Qd4 29.
Qxd4 cxd4 30. Nc2 c5 31. Kd2 Nb6 32. Ne1 Re7 33. f4 g6 34. Ng2 Bh3 35. Nh4 exf4
36. Bg4 Bxg4 37. Rxg4 Rf8 38. Rxf4 Re6 39. Raf1 Nd7 40. Ng2 Re5 41. Rg4 f5 42.
gxf6 Rxh5 43. Rgf4 Rh2 44. R1f2 Ne5 45. Nh4 Rxf2+ 46. Rxf2 Kf7 47. Ng2 g5 48.
Rf5 Ke6 49. Ne1 h6 50. Nf3 Nxf3+ 51. Rxf3 Rxf6 52. Rh3 g4 53. Rh4 g3 54. Rg4
Rf2+ 55. Ke1 Rf3 56. Ke2 Re3+ 57. Kf1 Rxd3 58. Kg2 Re3 59. Rh4 d3 60. Rh5 Rxe4 0-1

[Event "FIDE World Cup 2023"]
[Site "Baku AZE"]
[Date "2023.08.07"]
[Round "3.3"]
[White "Wang, Hao"]
[Black "Howell, David W L"]
[Result "1-0"]
[WhiteTitle "GM"]
[BlackTitle "GM"]
[WhiteElo "2709"]
[BlackElo "2677"]
[WhiteFideId "8602883"]
[BlackFideId "410608"]
[EventDate "2023.07.30"]
[EventType "k.o."]

1. e4 e5 2. Nf3 Nc6 3. Bb5 Nf6 4. O-O Nxe4 5. Re1 Nd6 6. Nxe5 Be7 7. Bf1 Nxe5 8.
Rxe5 O-O 9. d4 Bf6 10. Re1 Nf5 11. c3 d5 12. a4 c6 13. a5 Re8 14. Bf4 Rxe1 15.
Qxe1 Bd7 16. Nd2 Bg5 17. Bxg5 Qxg5 18. Nf3 Qe7 19. Qd2 Re8 20. Re1 Qd8 21. Ne5
Nd6 22. Bd3 f6 23. Nxd7 Qxd7 24. Rxe8+ Qxe8 25. h4 g6 26. f3 Kg7 27. Kf2 Qe7 28.
Qf4 b6 29. a6 h6 30. b3 Qe6 31. Qg3 f5 32. Qf4 Qf6 33. Kf1 Qe6 34. Qg3 Qf6 35.
Ke2 Qe6+ 36. Kd2 Qf6 37. Qe1 Kf8 38. g3 Qe7 39. Qc1 Kg7 40. Kc2 Qe6 41. Qf4 Qe7
42. Kd2 g5 43. Qe5+ Qxe5 44. dxe5 Nf7 45. f4 gxf4 46. gxf4 Kg6 47. h5+ Kxh5 48.
Bxf5 Kh4 49. Bd7 Kg3 50. Ke3 c5 51. e6 Nd6 52. e7 1-0

[Event "FIDE World Cup 2023"]
[Site "Baku AZE"]
[Date "2023.08.07"]
[Round "3.3"]
[White "Vallejo Pons, Francisco"]
[Black "Esipenko, Andrey"]
[Result "0-1"]
[WhiteTitle "GM"]
[BlackTitle "GM"]
[WhiteElo "2706"]
[BlackElo "2683"]
[WhiteFideId "2205530"]
[BlackFideId "24175439"]
[EventDate "2023.07.30"]
[EventType "k.o."]

1. e4 e5 2. Nf3 Nc6 3. Bc4 Nf6 4. d4 exd4 5. e5 Ne4 6. Qe2 Nc5 7. c3 Ne6 8. cxd4
Bb4+ 9. Nc3 d5 10. exd6 O-O 11. dxc7 Qxc7 12. Qd3 Nexd4 13. Nxd4 Ne5 14. Bxf7+
Qxf7 15. Qe3 Nd3+ 16. Kd2 Nxf2 17. Re1 Bg4 18. Kc2 Rfe8 19. Qd2 Bh5 20. Rxe8+
Rxe8 21. Qg5 Bg6+ 22. Kd2 Ne4+ 0-1

[Event "FIDE World Cup 2023"]
[Site "Baku AZE"]
[Date "2023.08.07"]
[Round "3.3"]
[White "Grandelius, Nils"]
[Black "Amin, Bassem"]
[Result "1-0"]
[WhiteTitle "GM"]
[BlackTitle "GM"]
[WhiteElo "2684"]
[BlackElo "2694"]
[WhiteFideId "1710400"]
[BlackFideId "10601457"]
[EventDate "2023.07.30"]
[EventType "k.o."]

1. e4 e5 2. Nf3 Nc6 3. Bb5 Nf6 4. O-O Nxe4 5. Re1 Nd6 6. Nxe5 Be7 7. Bf1 Nxe5 8.
Rxe5 O-O 9. d4 Bf6 10. Re1 Re8 11. Bf4 Rxe1 12. Qxe1 Ne8 13. Nc3 Bxd4 14. Nd5 c6
15. Ne7+ Kf8 16. Nxc8 Qf6 17. Rd1 Rxc8 18. Qe4 Bb6 19. Rxd7 Rd8 20. Rxd8 Qxd8
21. Qb4+ Qe7 22. Qxe7+ Kxe7 23. Bd3 Nf6 24. Kf1 Ng4 25. Bf5 Nxf2 26. Ke2 g6 27.
Bc8 Ne4 28. Bxb7 Kd7 29. Ba6 Nd6 30. a4 f6 31. b4 g5 32. Bd2 Ne4 33. Be1 f5 34.
Bd3 Ke6 35. g4 Bd4 36. Kf3 Bc3 37. gxf5+ Ke5 38. Bxe4 Bxe1 39. Bxc6 Bxb4 40. Kg4
Kf6 41. Be4 h6 42. h3 Bc3 43. Kh5 Bd2 44. c4 Be3 45. Bd3 Kg7 46. Kg4 Bg1 47. Kf3
h5 48. Be2 Kf6 49. Ke4 h4 50. Bg4 Bf2 51. Kd5 Be3 52. Kd6 Bf4+ 53. Kd7 Be3 54.
Kc6 Ke5 55. a5 Bd2 56. a6 Be3 57. Kd7 Bc5 58. Ke8 Kf6 59. Kd8 Ke5 60. Kc7 Bb6+
61. Kc6 Be3 62. c5 Bd4 63. f6 Kxf6 64. Kd6 Be5+ 65. Kd7 1-0

[Event "FIDE World Cup 2023"]
[Site "Baku AZE"]
[Date "2023.08.07"]
[Round "3.3"]
[White "Van Foreest, Jorden"]
[Black "Svidler, Peter"]
[Result "0-1"]
[WhiteTitle "GM"]
[BlackTitle "GM"]
[WhiteElo "2693"]
[BlackElo "2688"]
[WhiteFideId "1039784"]
[BlackFideId "4102142"]
[EventDate "2023.07.30"]
[EventType "k.o."]

1. d4 d5 2. c4 c6 3. cxd5 cxd5 4. Bg5 f6 5. Bd2 Nc6 6. Nc3 Bf5 7. e4 dxe4 8. d5
Ne5 9. f4 Nd3+ 10. Bxd3 exd3 11. Nf3 Qb6 12. Qa4+ Bd7 13. Qe4 Nh6 14. Nd4 g6 15.
Qxd3 Nf5 16. Nb3 h5 17. O-O-O a5 18. Na1 Qa6 19. Qxa6 Rxa6 20. Nc2 Kf7 21. a4
Bg7 22. Kb1 Rc8 23. Rhe1 Rb6 24. Ka2 e6 25. Kb1 Bf8 26. Nb5 exd5 27. Be3 Re6 28.
Nc3 Bc6 29. Bb6 Rxe1 30. Rxe1 d4 31. Nxd4 Nxd4 32. Bxd4 Bxg2 33. Nb5 h4 34. Bc3
Rc4 35. b3 Rxf4 36. Bxa5 Bd5 37. Bc7 Rf3 38. Bd6 Rxb3+ 39. Kc2 Rh3 40. Re2 Bc4 0-1

[Event "FIDE World Cup 2023"]
[Site "Baku AZE"]
[Date "2023.08.07"]
[Round "3.3"]
[White "Deac, Bogdan-Daniel"]
[Black "Nihal, Sarin"]
[Result "0-1"]
[WhiteTitle "GM"]
[BlackTitle "GM"]
[WhiteElo "2693"]
[BlackElo "2688"]
[WhiteFideId "1226380"]
[BlackFideId "25092340"]
[EventDate "2023.07.30"]
[EventType "k.o."]

1. e4 c6 2. Nf3 d5 3. Nc3 dxe4 4. Nxe4 Nf6 5. Qe2 Na6 6. c3 Nxe4 7. Qxe4 Qd5 8.
Qe3 Nc7 9. d4 Bf5 10. Be2 e6 11. O-O Be7 12. c4 Qe4 13. Rd1 O-O 14. Ne5 Rfd8 15.
g4 Bg6 16. Bf3 Qxe3 17. fxe3 Bf6 18. Nxg6 hxg6 19. Bd2 e5 20. Ba5 Rac8 21. Bxc7
Rxc7 22. d5 e4 23. Bxe4 Re8 24. Bf3 Bxb2 25. Rab1 Ba3 26. Rb3 Bc5 27. Rdd3 g5
28. Kg2 g6 29. h3 Kg7 30. Rbc3 f5 31. Rb3 Kf6 32. Rd1 cxd5 33. cxd5 Bd6 34. Rd2
Rh7 35. gxf5 gxf5 36. Rf2 Rc7 37. Bg4 Re5 38. e4 f4 39. Bf3 Re8 40. Rbb2 Ke5 41.
Bg4 Ree7 42. Rb3 Rc4 43. Bf5 Rec7 44. Rbf3 Rc2 45. Rxc2 Rxc2+ 46. Rf2 Rc3 47.
Rf3 Rc2+ 48. Rf2 Rc4 49. Rb2 b6 50. Rd2 b5 51. Bg4 b4 52. Bf3 Rc3 53. Rf2 a5 54.
Bd1 Rg3+ 55. Kh2 Kxe4 56. Rg2 Kd4 57. Rxg3 fxg3+ 58. Kg2 Kxd5 0-1

[Event "FIDE World Cup 2023"]
[Site "Baku AZE"]
[Date "2023.08.07"]
[Round "3.4"]
[White "Caruana, Fabiano"]
[Black "Yilmaz, Mustafa"]
[Result "1-0"]
[WhiteTitle "GM"]
[BlackTitle "GM"]
[WhiteElo "2782"]
[BlackElo "2639"]
[WhiteFideId "2020009"]
[BlackFideId "6302718"]
[EventDate "2023.07.30"]
[EventType "k.o."]

1. d4 Nf6 2. c4 e6 3. Nf3 c5 4. g3 cxd4 5. Nxd4 Qc7 6. Nc3 a6 7. Bg2 Qxc4 8. Bf4
Qb4 9. O-O Be7 10. a3 Qb6 11. Na4 Qd8 12. Qb3 Nc6 13. Rfd1 d5 14. Nb6 Bd7 15.
Nxa8 Qxa8 16. Rac1 O-O 17. Qb6 Rc8 18. Nxc6 bxc6 19. e4 c5 20. exd5 Nxd5 21. Qb3
Bf6 22. Rxd5 exd5 23. Bxd5 Bc6 24. Rxc5 Bxd5 25. Rxd5 Re8 26. Rd1 Qc8 27. Be3
Qg4 28. Rc1 h5 29. Rc7 Re6 30. Qd3 Re8 31. Qb3 Qg6 32. Qc2 Re4 33. b3 h4 34. Rc4
Rg4 35. Qxg6 Rxg6 36. Kg2 Be7 37. b4 hxg3 38. hxg3 Re6 39. a4 f5 40. b5 axb5 41.
axb5 Re5 42. b6 Rb5 43. Rc7 Bf6 44. b7 Be5 45. Re7 Bd6 46. Rd7 Be5 47. f4 1-0

[Event "FIDE World Cup 2023"]
[Site "Baku AZE"]
[Date "2023.08.07"]
[Round "3.4"]
[White "Nepomniachtchi, Ian"]
[Black "Mamedov, Rauf"]
[Result "1/2-1/2"]
[WhiteTitle "GM"]
[BlackTitle "GM"]
[WhiteElo "2779"]
[BlackElo "2636"]
[WhiteFideId "4168119"]
[BlackFideId "13401653"]
[EventDate "2023.07.30"]
[EventType "k.o."]

1. e4 c5 2. Nf3 Nc6 3. Bb5 g6 4. O-O Bg7 5. Re1 e5 6. Bxc6 dxc6 7. d3 Qe7 8. a4
Nf6 9. a5 h6 10. Nc3 Nd7 11. Be3 Nf8 12. Nd2 Ne6 13. Na4 O-O 14. Nb3 c4 15. dxc4
Rd8 16. Qe2 Nf4 17. Qf1 h5 18. Rad1 Re8 19. Nc3 h4 20. h3 g5 21. f3 Bf8 22. Kh2
Qf6 23. Nc5 Rd8 24. Rxd8 Qxd8 25. Ra1 Bxc5 26. Bxc5 Be6 27. Be3 Qe7 28. b3 Rd8
29. Rd1 Kg7 30. Bxa7 Rxd1 31. Qxd1 Qb4 32. Qa1 c5 33. Bb6 f6 34. Qe1 Qa3 35. Ne2
Nh5 36. Qc1 Qb4 37. Qd1 Kg6 38. Kg1 Qa3 39. Kf2 Bf7 40. Qc1 Qb4 41. Qe1 Qa3 42.
Qc1 Qb4 43. Qe1 1/2-1/2

[Event "FIDE World Cup 2023"]
[Site "Baku AZE"]
[Date "2023.08.07"]
[Round "3.4"]
[White "Abasov, Nijat"]
[Black "Giri, Anish"]
[Result "1-0"]
[WhiteTitle "GM"]
[BlackTitle "GM"]
[WhiteElo "2632"]
[BlackElo "2775"]
[WhiteFideId "13402960"]
[BlackFideId "24116068"]
[EventDate "2023.07.30"]
[EventType "k.o."]

1. d4 Nf6 2. c4 e6 3. Nf3 d5 4. Nc3 Be7 5. Bg5 h6 6. Bh4 dxc4 7. e3 c5 8. Bxc4
cxd4 9. exd4 O-O 10. O-O Nc6 11. Re1 Nh5 12. Bxe7 Nxe7 13. Ne5 Nf6 14. a4 a6 15.
h4 Bd7 16. g4 Nc6 17. g5 hxg5 18. hxg5 Nxe5 19. Rxe5 Nh7 20. Qh5 Rc8 21. Bd3 f5
22. gxf6 Nxf6 23. Qh4 Kf7 24. Rae1 Rh8 25. Qg5 Rh6 26. R1e3 Bc6 27. Kf1 Nd5 28.
Rg3 Qxg5 29. Rexg5 Rg8 30. Bg6+ Kf6 31. Be4 Ne7 32. Bxc6 Nxc6 33. Ne4+ Kf7 34.
Rf3+ Ke7 35. Rb3 b5 36. Rc3 Rh4 37. axb5 axb5 38. f3 Nxd4 39. Rc7+ Kf8 40. Nd6
Rf4 41. Rg4 Rxf3+ 42. Kg2 1-0

[Event "FIDE World Cup 2023"]
[Site "Baku AZE"]
[Date "2023.08.07"]
[Round "3.4"]
[White "Moussard, Jules"]
[Black "So, Wesley"]
[Result "1/2-1/2"]
[WhiteTitle "GM"]
[BlackTitle "GM"]
[WhiteElo "2654"]
[BlackElo "2769"]
[WhiteFideId "642908"]
[BlackFideId "5202213"]
[EventDate "2023.07.30"]
[EventType "k.o."]

1. e4 e5 2. Nf3 Nc6 3. Bb5 Nf6 4. d3 Ne7 5. O-O c6 6. Ba4 Ng6 7. Re1 Bb4 8. c3
Ba5 9. d4 d6 10. Bc2 O-O 11. Nbd2 Re8 12. a4 Bc7 13. Nf1 d5 14. Nxe5 Nxe5 15.
dxe5 Nxe4 16. f3 Nc5 17. Be3 Ne6 18. f4 g6 19. Ng3 Ng7 20. Qf3 Bd7 21. c4 Be6
22. cxd5 Bxd5 23. Be4 Be6 24. b4 f5 25. exf6 Qxf6 26. b5 Nf5 27. Bxf5 Bxf5 28.
Nxf5 gxf5 29. Bf2 Re4 30. Rxe4 fxe4 31. Qb3+ Kh8 32. Re1 Bxf4 33. Rxe4 Be5 34.
bxc6 bxc6 35. Qe3 Bd6 36. g3 Bf8 37. Re6 Qa1+ 38. Kg2 c5 39. Be1 Qa2+ 40. Kh3
Qd5 41. Bc3+ Kg8 42. Re4 Qf5+ 43. Kg2 Bd6 44. Qe2 h5 45. Qc4+ Kh7 46. Qe6 Rf8
47. Qxf5+ Rxf5 48. Re8 Bf8 49. Rc8 Kg6 50. Rc6+ Kf7 51. Rc7+ Ke6 52. Rxa7 Kd5
53. a5 Kc4 54. Bh8 Kb5 55. a6 Kb6 56. Ra8 Rf7 1/2-1/2

[Event "FIDE World Cup 2023"]
[Site "Baku AZE"]
[Date "2023.08.07"]
[Round "3.4"]
[White "Santos Latasa, Jaime"]
[Black "Radjabov, Teimour"]
[Result "1/2-1/2"]
[WhiteTitle "GM"]
[BlackTitle "GM"]
[WhiteElo "2656"]
[BlackElo "2747"]
[WhiteFideId "2293307"]
[BlackFideId "13400924"]
[EventDate "2023.07.30"]
[EventType "k.o."]

1. d4 Nf6 2. c4 e6 3. Nf3 b6 4. g3 Bb7 5. Bg2 Be7 6. O-O O-O 7. Nc3 Ne4 8. Qc2
Nxc3 9. Qxc3 d6 10. Qc2 f5 11. b3 Qc8 12. Bb2 Nd7 13. Ne1 Nf6 14. Nd3 Bxg2 15.
Kxg2 Qb7+ 16. f3 Rae8 17. Rae1 Rf7 18. Nf4 Bd8 19. d5 exd5 20. Bxf6 Bxf6 21.
Nxd5 Be5 22. f4 Bd4 23. e3 Bc5 24. e4 c6 25. Nc3 Rfe7 26. Re2 fxe4 27. Rxe4 d5
28. Rxe7 Rxe7 29. Rd1 d4 30. Ne4 Qd7 31. Qd3 Qe8 32. Re1 Bb4 33. Re2 c5 34. Kf2
Qg6 35. Qf3 h6 36. Kg2 Qe8 37. Kf1 Qg6 38. Nf2 1/2-1/2

[Event "FIDE World Cup 2023"]
[Site "Baku AZE"]
[Date "2023.08.07"]
[Round "3.4"]
[White "Salem, A.R. Saleh"]
[Black "Daneshvar, Bardiya"]
[Result "1-0"]
[WhiteTitle "GM"]
[BlackTitle "GM"]
[WhiteElo "2661"]
[BlackElo "2577"]
[WhiteFideId "9301348"]
[BlackFideId "12576468"]
[EventDate "2023.07.30"]
[EventType "k.o."]

1. d4 Nf6 2. c4 e6 3. Nc3 d5 4. Bg5 Be7 5. e3 h6 6. Bh4 O-O 7. Nf3 c6 8. Bd3
Nbd7 9. O-O dxc4 10. Bxc4 b5 11. Bd3 Bb7 12. Rc1 Rc8 13. Bxf6 Nxf6 14. Ne4 Nd7
15. Nc5 Nxc5 16. dxc5 a5 17. a3 a4 18. Qd2 Qc7 19. Qb4 Rfd8 20. Bb1 Bf6 21. g4
Qe7 22. Kg2 g6 23. h4 Bg7 24. g5 hxg5 25. hxg5 Rd5 26. Rh1 Rxg5+ 27. Nxg5 Qxg5+
28. Kf1 Qf6 29. Kg2 Qg5+ 30. Kf3 Rd8 31. Rcd1 Rd5 32. Ke2 Ba6 33. Be4 Qg4+ 34.
Bf3 Qc4+ 35. Qxc4 bxc4 36. Bxd5 exd5 37. Rd4 Bf8 38. Kd2 Bxc5 39. Rdh4 Bb5 40.
Rh8+ Kg7 41. R1h7+ Kf6 42. Rb8 Ke6 43. Rb7 f6 44. Rxb5 cxb5 45. Rb7 d4 46. Rxb5
dxe3+ 47. fxe3 Kd5 48. Ra5 g5 49. Rxa4 Bd6 50. Ra7 Be5 51. Rb7 Kc6 52. Rb4 Kc5
53. b3 cxb3 54. Rxb3 Kc4 55. Rb7 f5 56. Ke2 f4 57. exf4 Bxf4 58. a4 Kc5 59. a5
Kc6 60. a6 Bd6 61. Rg7 Bc5 62. a7 1-0